[Event "Niederbayernliga 1213"]
[Site "Bayern"]
[Date "2013.??.??"]
[Round "5"]
[White "Hofmann, Paul"]
[Black "Hoechtl, Alois"]
[Result "1-0"]
[WhiteElo "1690"]
[BlackElo "1757"]
[PlyCount "91"]
[EventDate "2012.10.14"]
[EventType "team-tourn"]
[EventRounds "9"]
[EventCountry "GER"]
[SourceTitle "EXT 2023"]
[Source "ChessBase"]
[SourceDate "2022.10.05"]
[SourceVersion "1"]
[SourceVersionDate "2022.10.05"]
[SourceQuality "1"]
[WhiteTeam "Ergolding"]
[BlackTeam "Rottal II"]
[WhiteTeamCountry "GER"]
[BlackTeamCountry "GER"]

1. e4 e5 2. Nf3 Nc6 3. Bb5 a6 4. Bxc6 dxc6 5. d4 exd4 6. Qxd4 Qxd4 7. Nxd4 Bd6 8. Nc3 Ne7 9. Be3 0-0 10. 0-0 f5 11. f3 c5 12. Nb3 b6 13. Rad1 Be6 14. Rfe1 f4 15. Bf2 Nc6 16. Nc1 Ne5 17. Nd3 Rad8 18. Nd5 Bxd5 19. exd5 Rde8 20. Nxe5 Rxe5 21. c4 Rfe8 22. b3 Re2 23. Kf1 Rxe1+ 24. Rxe1 Rb8 25. Ke2 b5 26. Kd3 Kf7 27. Re2 b4 28. Kc2 a5 29. Kb2 Re8 30. Rxe8 Kxe8 31. Kc2 g5 32. Kd3 Kf7 33. Ke4 Kg6 34. h4 h5 35. hxg5 Kxg5 36. Be1 Kf6 37. Bd2 Kg6 38. Bxf4 Kf6 39. Bc1 Kg6 40. f4 h4 41. Bb2 Be7 42. Be5 Bd6 43. Bb2 Be7 44. a4 Bd6 45. Be5 Kf7 46. Kf5 1-0

[Event "Regionalliga SO 1112"]
[Site "Bayern"]
[Date "2012.03.18"]
[Round "8.7"]
[White "Hoechtl, Alois"]
[Black "Steiner, Marcus"]
[Result "1/2-1/2"]
[WhiteElo "1754"]
[BlackElo "1978"]
[PlyCount "54"]
[EventDate "2011.10.02"]
[EventType "team-tourn"]
[EventRounds "9"]
[EventCountry "GER"]
[SourceTitle "EXT 2015"]
[Source "ChessBase"]
[SourceDate "2014.11.20"]
[SourceVersion "1"]
[SourceVersionDate "2014.11.20"]
[SourceQuality "1"]
[WhiteTeam "Rottal II"]
[BlackTeam "Tegernsee"]
[WhiteTeamCountry "GER"]
[BlackTeamCountry "GER"]

1. e4 c5 2. Nf3 d6 3. Bc4 Nf6 4. d3 Nc6 5. h3 e6 6. c3 Be7 7. 0-0 a6 8. a4 d5 9. exd5 Nxd5 10. Bb3 b6 11. Re1 Bb7 12. Nbd2 Nf4 13. d4 cxd4 14. Ne4 Qc7 15. Nxd4 0-0-0 16. Qg4 Nd3 17. Rd1 Nce5 18. Qe2 Nc5 19. Bc2 Nc6 20. Nxc5 Bxc5 21. Be3 Kb8 22. Nf3 Ne5 23. Nd4 Ng6 24. Nf3 Nf4 25. Bxf4 Qxf4 26. Qe5+ Qxe5 27. Nxe5 f6 1/2-1/2

[Event "Regionalliga SO 1112"]
[Site "Bayern"]
[Date "2012.02.05"]
[Round "6.8"]
[White "Grabmeier, Johannes"]
[Black "Hoechtl, Alois"]
[Result "1-0"]
[WhiteElo "1874"]
[BlackElo "1754"]
[PlyCount "73"]
[EventDate "2011.10.02"]
[EventType "team-tourn"]
[EventRounds "9"]
[EventCountry "GER"]
[SourceTitle "EXT 2013"]
[Source "ChessBase"]
[SourceDate "2012.11.22"]
[SourceVersion "1"]
[SourceVersionDate "2012.11.22"]
[SourceQuality "1"]
[WhiteTeam "Deggendorf"]
[BlackTeam "Rottal II"]
[WhiteTeamCountry "GER"]
[BlackTeamCountry "GER"]

1. b3 d5 2. e3 Bf5 3. Bb2 Nd7 4. f4 Ngf6 5. Nf3 e6 6. Be2 Bd6 7. 0-0 h6 8. Qc1 0-0 9. d3 Re8 10. Ne5 Rc8 11. h3 Nf8 12. Nd2 N6d7 13. Ndf3 f6 14. Nxd7 Nxd7 15. Kh1 Bh7 16. Nh2 e5 17. Bh5 Re7 18. f5 c5 19. e4 dxe4 20. dxe4 c4 21. Qd2 Nb6 22. Rad1 Rd7 23. Qe2 Qe7 24. Ng4 Rdc7 25. c3 a5 26. Ne3 cxb3 27. axb3 Kf8 28. Rd3 Bc5 29. Rfd1 Bxe3 30. Qxe3 Nd7 31. Ba3 Qxa3 32. Rxd7 Rxd7 33. Rxd7 Qxb3 34. Qg3 Qg8 35. Bf7 Qh8 36. c4 a4 37. Qa3+ 1-0

[Event "Regionalliga SO 1112"]
[Site "Bayern"]
[Date "2011.11.20"]
[Round "3.7"]
[White "Hoechtl, Alois"]
[Black "Meier, Desiderius"]
[Result "1/2-1/2"]
[WhiteElo "1754"]
[BlackElo "2018"]
[PlyCount "51"]
[EventDate "2011.10.02"]
[EventType "team-tourn"]
[EventRounds "9"]
[EventCountry "GER"]
[SourceTitle "EXT 2013"]
[Source "ChessBase"]
[SourceDate "2012.11.22"]
[SourceVersion "1"]
[SourceVersionDate "2012.11.22"]
[SourceQuality "1"]
[WhiteTeam "Rottal II"]
[BlackTeam "Graefelfing"]
[WhiteTeamCountry "GER"]
[BlackTeamCountry "GER"]

1. e4 Nf6 2. e5 Nd5 3. Nf3 d6 4. Bc4 e6 5. d4 Nc6 6. 0-0 Be7 7. a3 0-0 8. Nc3 Nxc3 9. bxc3 dxe5 10. dxe5 Na5 11. Bd3 c5 12. c4 b6 13. Qe2 Bb7 14. Rd1 Qc7 15. Bf4 Rfd8 16. Re1 Rd7 17. Ng5 Bxg5 18. Bxg5 Qc6 19. Qg4 Rd4 20. Qg3 h5 21. f3 Kf8 22. Re4 Qd7 23. Rh4 Rxh4 24. Qxh4 Qd4+ 25. Qxd4 cxd4 26. Bd2 1/2-1/2

[Event "Niederbayernliga 1011"]
[Site "Germany"]
[Date "2010.12.12"]
[Round "4.7"]
[White "Hoechtl, Alois"]
[Black "Schultes, Christoph"]
[Result "0-1"]
[WhiteElo "1714"]
[BlackElo "1868"]
[PlyCount "131"]
[EventDate "2010.10.10"]
[EventType "team-tourn"]
[EventRounds "9"]
[EventCountry "GER"]
[SourceTitle "EXT 2012"]
[Source "ChessBase"]
[SourceDate "2011.11.24"]
[SourceVersion "1"]
[SourceVersionDate "2011.11.24"]
[SourceQuality "1"]
[WhiteTeam "Rottal II"]
[BlackTeam "Adlkofen"]
[WhiteTeamCountry "GER"]
[BlackTeamCountry "GER"]

1. e4 c5 2. Nf3 Nc6 3. c3 d5 4. exd5 Qxd5 5. Be2 Nf6 6. 0-0 Bg4 7. h3 Bh5 8. Re1 e6 9. Na3 Be7 10. Nc2 0-0 11. Ne3 Qd6 12. d4 cxd4 13. Nxd4 Bxe2 14. Nxe2 Qxd1 15. Nxd1 Rfd8 16. Be3 e5 17. a4 Nd5 18. Bc1 Rd7 19. Ne3 Rad8 20. g4 Nc7 21. b4 Bf6 22. Ng3 Ne6 23. Nc4 Rd1 24. Kf1 Ng5 25. Bxg5 Rxa1 26. Rxa1 Bxg5 27. Ne4 Bf4 28. Ke2 Ne7 29. Ncd6 b6 30. a5 g6 31. Nf6+ Kg7 32. Nde4 b5 33. a6 Nd5 34. Rd1 Nxc3+ 35. Nxc3 Rxd1 36. Nxd1 Kxf6 37. Kd3 e4+ 38. Kd4 Bd6 39. Nc3 Ke6 40. Nd5 f5 41. g5 Kd7 42. Nb6+ Kc7 43. Nd5+ Kc6 44. h4 Bf8 45. Ke5 Bg7+ 46. Nf6 Bxf6+ 47. Kxf6 f4 48. Kg7 e3 49. Kxh7 exf2 50. Kxg6 f1Q 51. h5 Qb1+ 52. Kg7 f3 53. g6 f2 54. h6 Qb2+ 55. Kh7 f1Q 56. Kg8 Qc4+ 57. Kh7 Qcd4 58. g7 Qc2+ 59. Kh8 Qd8+ 60. g8Q Qxg8+ 61. Kxg8 Qc4+ 62. Kg7 Qxb4 63. h7 Qc3+ 64. Kg8 b4 65. h8Q Qxh8+ 66. Kxh8 0-1

[Event "Niederbayernliga 0910"]
[Site "Germany"]
[Date "2010.02.28"]
[Round "7.7"]
[White "Hoechtl, Alois"]
[Black "Foierl, Siegfried"]
[Result "1/2-1/2"]
[WhiteElo "1766"]
[BlackElo "1575"]
[PlyCount "70"]
[EventDate "2009.10.18"]
[EventType "team-tourn"]
[EventRounds "9"]
[EventCountry "GER"]
[SourceTitle "EXT 2011"]
[Source "ChessBase"]
[SourceDate "2010.11.26"]
[SourceVersion "1"]
[SourceVersionDate "2010.11.26"]
[SourceQuality "1"]
[WhiteTeam "Rottal II"]
[BlackTeam "Geiselhoering"]
[WhiteTeamCountry "GER"]
[BlackTeamCountry "GER"]

1. e4 c5 2. Nf3 e6 3. c3 d5 4. e5 Nc6 5. d4 cxd4 6. cxd4 Bb4+ 7. Nc3 Nge7 8. a3 Bxc3+ 9. bxc3 Bd7 10. Bd3 Qc7 11. 0-0 Na5 12. Bd2 Nc4 13. Bc1 Rc8 14. Nd2 Nb6 15. Nb1 Ba4 16. Qg4 g6 17. Bg5 h5 18. Qe2 a6 19. Rc1 Bb3 20. Nd2 Bc4 21. Nxc4 Nxc4 22. Bf6 Rg8 23. Bg5 b5 24. a4 Kd7 25. axb5 axb5 26. Bxc4 bxc4 27. Qc2 Ra8 28. Ra4 Ra7 29. h3 Nc6 30. Rxa7 Qxa7 31. Qd2 Rb8 32. Qf4 Nd8 33. Qf6 Kc6 34. g4 hxg4 35. hxg4 Qa3 1/2-1/2

[Event "Niederbayernliga 0809"]
[Site "Germany"]
[Date "2009.03.29"]
[Round "9.4"]
[White "Hoechtl, Alois"]
[Black "Grimm, Markus"]
[Result "1-0"]
[WhiteElo "1733"]
[BlackElo "1871"]
[PlyCount "109"]
[EventDate "2008.10.05"]
[EventType "team-tourn"]
[EventRounds "9"]
[EventCountry "GER"]
[SourceTitle "EXT 2010"]
[Source "ChessBase"]
[SourceDate "2010.11.25"]
[SourceVersion "1"]
[SourceVersionDate "2010.11.25"]
[SourceQuality "1"]
[WhiteTeam "Rottal II"]
[BlackTeam "Straubing"]
[WhiteTeamCountry "GER"]
[BlackTeamCountry "GER"]

1. e4 e5 2. Nf3 Nc6 3. Bb5 a6 4. Ba4 Nf6 5. 0-0 Nxe4 6. Re1 Nc5 7. Bxc6 dxc6 8. Nxe5 Be7 9. Qe2 Be6 10. c3 0-0 11. d4 Nd7 12. Nxf7 Bxf7 13. Qxe7 Qc8 14. Qh4 Nf6 15. Bg5 Bd5 16. Nd2 Qd7 17. f3 h6 18. Be3 Qf7 19. b3 Rae8 20. c4 Be6 21. d5 cxd5 22. Bc5 dxc4 23. bxc4 Rd8 24. Bxf8 Rxd2 25. Bb4 Rc2 26. Rac1 Rxa2 27. Qd4 Qg6 28. Bd2 Qf7 29. Qd8+ Kh7 30. Qd3+ Kg8 31. Be3 Ra4 32. c5 Bd5 33. Bf2 Bc6 34. Qd8+ Kh7 35. Re7 Qg6 36. Bg3 h5 37. Rce1 h4 38. Rxg7+ Qxg7 39. Re7 hxg3 40. hxg3 Ra1+ 41. Kh2 Kg6 42. Rxg7+ Kxg7 43. Qxc7+ Kg6 44. g4 a5 45. Qe5 Rd1 46. Qc3 Rd5 47. Qxa5 Nd7 48. Qb4 Rxc5 49. Qb1+ Kf7 50. Qh7+ Kf8 51. Qh6+ Kf7 52. g5 Ne5 53. Qf6+ Kg8 54. Qe6+ Kf8 55. Qd6+ 1-0

[Event "Niederbayernliga 0708"]
[Site "Germany"]
[Date "2007.11.25"]
[Round "3.6"]
[White "Grimm, Markus"]
[Black "Hoechtl, Alois"]
[Result "1-0"]
[WhiteElo "1851"]
[BlackElo "1763"]
[PlyCount "107"]
[EventDate "2007.10.21"]
[EventType "team"]
[EventRounds "9"]
[EventCountry "GER"]
[SourceTitle "EXT 2009"]
[Source "ChessBase"]
[SourceDate "2008.11.26"]
[SourceVersion "1"]
[SourceVersionDate "2008.11.26"]
[SourceQuality "1"]
[WhiteTeam "Straubing"]
[BlackTeam "Rottal II"]
[WhiteTeamCountry "GER"]
[BlackTeamCountry "GER"]

1. d4 d5 2. Nf3 Nf6 3. g3 c6 4. Bg2 Nbd7 5. 0-0 e6 6. Nbd2 Bd6 7. c4 0-0 8. Re1 Re8 9. e4 dxe4 10. Nxe4 Nxe4 11. Rxe4 Nf6 12. Re1 h6 13. Bd2 Qe7 14. Qc2 c5 15. dxc5 Bxc5 16. a3 a5 17. Bc3 b6 18. Nd4 Bb7 19. Nf5 Qc7 20. Be5 Qc8 21. Nxh6+ gxh6 22. Bxf6 Bxg2 23. Kxg2 Qc6+ 24. f3 Be7 25. Qc3 Qc5 26. Re4 Bxf6 27. Qxf6 Qf8 28. Rd1 Ra7 29. Rdd4 Kh7 30. Rh4 Qg7 31. Rxh6+ Qxh6 32. Rh4 Qxh4 33. Qxh4+ Kg6 34. Qe4+ Kh6 35. Qe3+ Kg6 36. Qxb6 Rd7 37. Qxa5 Red8 38. g4 f5 39. Qe5 Rd2+ 40. Kg3 fxg4 41. Qxe6+ Kh7 42. Qf5+ Kh8 43. Qh5+ Kg7 44. Qxg4+ Kh7 45. Qf5+ Kg7 46. Qe5+ Kf7 47. h4 R2d4 48. b4 Rg8+ 49. Kh3 Rd1 50. Qf4+ Ke7 51. Kh2 Rdg1 52. Qe5+ Kf7 53. Qd4 Kf8 54. Qc5+ 1-0

[Event "Niederbayernliga 0708"]
[Site "Germany"]
[Date "2007.04.06"]
[Round "8.4"]
[White "Putz, Ernst"]
[Black "Hoechtl, Alois"]
[Result "1-0"]
[WhiteElo "1836"]
[BlackElo "1763"]
[PlyCount "109"]
[EventDate "2007.10.21"]
[EventType "team"]
[EventRounds "9"]
[EventCountry "GER"]
[SourceTitle "EXT 2009"]
[Source "ChessBase"]
[SourceDate "2008.11.26"]
[SourceVersion "1"]
[SourceVersionDate "2008.11.26"]
[SourceQuality "1"]
[WhiteTeam "Simbach"]
[BlackTeam "Rottal II"]
[WhiteTeamCountry "GER"]
[BlackTeamCountry "GER"]

1. e4 e5 2. Nf3 Nc6 3. Bb5 a6 4. Ba4 d6 5. c3 Bd7 6. 0-0 Nf6 7. Re1 b5 8. Bc2 Be7 9. h3 0-0 10. d4 h6 11. Be3 Qc8 12. Kh2 Nh7 13. Nbd2 Ng5 14. Nxg5 hxg5 15. Qe2 g6 16. g4 Kg7 17. Nf3 Rh8 18. Kg3 f6 19. Rh1 Rh7 20. Qd2 Nd8 21. Bb3 Ne6 22. Bxe6 Bxe6 23. d5 Bd7 24. Rac1 Qb7 25. c4 bxc4 26. Rxc4 Rah8 27. Qc2 Bd8 28. Ng1 Kf8 29. f3 Rf7 30. a3 f5 31. Rb4 Qa8 32. Bc1 fxg4 33. fxg4 Kg7 34. Nf3 c6 35. dxc6 Bxc6 36. Rc4 Bb7 37. Rf1 Rhf8 38. b4 Re8 39. Qd3 d5 40. exd5 Bf6 41. Bxg5 Qb8 42. Bxf6+ Rxf6 43. Re4 Qd6 44. Rd1 Rff8 45. Ng5 Qf6 46. Qe3 Rh8 47. Rc4 Qd6 48. Qc5 Qf6 49. Qe3 Qd6 50. Ne4 Qd8 51. Qg5 Qb6 52. d6 Re6 53. Rc7+ Kf8 54. Qd8+ Re8 55. Rf1+ 1-0

[Event "Niederbayernliga 0506"]
[Site "Germany"]
[Date "2006.??.??"]
[Round "7"]
[White "Hoechtl, Alois"]
[Black "Reisinger, Georg"]
[Result "1-0"]
[WhiteElo "1779"]
[BlackElo "1740"]
[PlyCount "93"]
[EventDate "2005.??.??"]
[EventType "team"]
[EventRounds "9"]
[EventCountry "GER"]
[SourceTitle "EXT 2008"]
[Source "ChessBase"]
[SourceDate "2007.11.25"]
[SourceVersion "1"]
[SourceVersionDate "2007.11.25"]
[SourceQuality "1"]
[WhiteTeam "Eggenfelden"]
[BlackTeam "Deggendorf II"]
[WhiteTeamCountry "GER"]
[BlackTeamCountry "GER"]

1. e4 e6 2. d4 d5 3. e5 c5 4. c3 Nc6 5. Nf3 Qb6 6. a3 a5 7. Bd3 Bd7 8. Bc2 c4 9. 0-0 Nge7 10. a4 Ng6 11. Re1 Be7 12. g3 0-0 13. h4 h6 14. Nh2 Nxh4 15. gxh4 Bxh4 16. Nf3 Qd8 17. Nxh4 Qxh4 18. Kg2 f5 19. Rh1 Qe7 20. Nd2 Qg5+ 21. Kf1 Qg4 22. Nf3 Ne7 23. Rh4 Qg6 24. Rh3 Qf7 25. Rg3 Qh5 26. Kg2 f4 27. Rh3 Qg4+ 28. Kh2 Nf5 29. Qe2 Qg6 30. Bxf4 Qf7 31. Bd2 Nh4 32. Rxh4 Qxf3 33. Qxf3 Rxf3 34. Be3 Raf8 35. Kg2 Be8 36. Rh3 Rxh3 37. Kxh3 g5 38. b3 cxb3 39. Bxb3 Bg6 40. c4 Bf5+ 41. Kg3 Be4 42. f4 Kg7 43. cxd5 exd5 44. Rc1 Kg6 45. Bc2 Kf5 46. fxg5 Bxc2 47. Rf1+ 1-0

[Event "Niederbayernliga 0506"]
[Site "Germany"]
[Date "2006.??.??"]
[Round "8"]
[White "Hoechtl, Alois"]
[Black "Wimmer, Juergen"]
[Result "1/2-1/2"]
[WhiteElo "1779"]
[BlackElo "1783"]
[PlyCount "36"]
[EventDate "2005.??.??"]
[EventType "team"]
[EventRounds "9"]
[EventCountry "GER"]
[SourceTitle "EXT 2008"]
[Source "ChessBase"]
[SourceDate "2007.11.25"]
[SourceVersion "1"]
[SourceVersionDate "2007.11.25"]
[SourceQuality "1"]
[WhiteTeam "Eggenfelden"]
[BlackTeam "Vilshofen"]
[WhiteTeamCountry "GER"]
[BlackTeamCountry "GER"]

1. e4 e6 2. d4 d5 3. e5 c5 4. c3 Nc6 5. Nf3 Qb6 6. a3 cxd4 7. cxd4 Nge7 8. b4 a6 9. Be2 Nf5 10. Bb2 Be7 11. g4 Nh4 12. 0-0 Nxf3+ 13. Bxf3 Bd7 14. Qd3 Na7 15. Nc3 Bb5 16. Nxb5 Qxb5 17. Qxb5+ Nxb5 18. Rfc1 Kd7 1/2-1/2

[Event "Niederbayernliga 0607"]
[Site "Germany"]
[Date "2006.??.??"]
[Round "1.5"]
[White "Stutzke, Christian"]
[Black "Hoechtl, Alois"]
[Result "1-0"]
[WhiteElo "1784"]
[BlackElo "1767"]
[PlyCount "131"]
[EventDate "2006.??.??"]
[EventType "team"]
[EventRounds "9"]
[EventCountry "GER"]
[SourceTitle "EXT 2008"]
[Source "ChessBase"]
[SourceDate "2007.11.25"]
[SourceVersion "1"]
[SourceVersionDate "2007.11.25"]
[SourceQuality "1"]
[WhiteTeam "Vilshofen"]
[BlackTeam "Eggenfelden"]
[WhiteTeamCountry "GER"]
[BlackTeamCountry "GER"]

1. d4 d5 2. Nf3 Nf6 3. e3 c6 4. c4 e6 5. Nc3 Nbd7 6. Bd3 dxc4 7. Bxc4 Be7 8. 0-0 0-0 9. b3 b5 10. Bd3 Bb7 11. Bb2 a6 12. Qe2 Re8 13. Rfd1 Qb6 14. Rac1 Rad8 15. Qc2 h6 16. Ne4 Nd5 17. a3 Rc8 18. Nc5 Bxc5 19. dxc5 Qc7 20. e4 N5f6 21. e5 Nd5 22. g3 Rcd8 23. Qe2 Nf8 24. Nd2 Ng6 25. Ne4 Nxe5 26. Nd6 Nxd3 27. Qxd3 Rf8 28. Qd4 f6 29. Qg4 Bc8 30. Qg6 e5 31. Rc2 Qd7 32. Nxc8 Qxc8 33. Re1 Ne7 34. Qh5 Qf5 35. Qe2 Qd3 36. b4 Rd5 37. Bc1 Rfd8 38. Kg2 Nf5 39. h4 Qxe2 40. Rcxe2 Rd3 41. Ra2 Kf7 42. h5 R8d7 43. Rae2 Nd4 44. Ra2 Rc3 45. Rd2 Ke6 46. Red1 Rd5 47. Bb2 Rc2 48. f4 Rxd2+ 49. Rxd2 Nb3 50. Re2 Rd2 51. Rxd2 Nxd2 52. fxe5 fxe5 53. Kf2 Kd5 54. Ke2 Nc4 55. Bc1 Ke4 56. g4 Kd4 57. Bxh6 gxh6 58. g5 Ne3 59. gxh6 Ng2 60. h7 Nf4+ 61. Kd2 Nxh5 62. h8Q Nf4 63. Qf6 Nd5 64. Qxc6 e4 65. Qd6 Kc4 66. c6 1-0

[Event "Niederbayernliga 0405"]
[Site "Germany"]
[Date "2005.??.??"]
[Round "8"]
[White "Ederer, Mirjana"]
[Black "Hoechtl, Alois"]
[Result "1-0"]
[WhiteElo "1770"]
[BlackElo "1781"]
[PlyCount "52"]
[EventDate "2004.??.??"]
[EventType "team"]
[EventRounds "9"]
[EventCountry "GER"]
[SourceTitle "EXT 2008"]
[Source "ChessBase"]
[SourceDate "2007.11.25"]
[SourceVersion "1"]
[SourceVersionDate "2007.11.25"]
[SourceQuality "1"]
[WhiteTeam "Haselbach"]
[BlackTeam "Eggenfelden"]
[WhiteTeamCountry "GER"]
[BlackTeamCountry "GER"]

1. e4 e5 2. Nc3 Nf6 3. g3 Nc6 4. Bg2 Be7 5. Nge2 d6 6. d3 0-0 7. 0-0 Bd7 8. h3 h6 9. f4 Nh7 10. f5 Bg5 11. Nd5 f6 12. h4 Bxc1 13. Qxc1 Ne7 14. Ne3 c6 15. g4 Be8 16. Ng3 Rc8 17. Qd2 Qb6 18. c3 d5 19. Kh2 Rd8 20. exd5 cxd5 21. Qe2 Bf7 22. c4 dxc4 23. dxc4 Rd4 24. b3 Rfd8 25. Rad1 Nc6 26. Nd5 Qc5 1-0

[Event "Niederbayernliga 0506"]
[Site "Germany"]
[Date "2005.??.??"]
[Round "1"]
[White "Wist, Dieter"]
[Black "Hoechtl, Alois"]
[Result "1/2-1/2"]
[WhiteElo "1790"]
[BlackElo "1779"]
[PlyCount "78"]
[EventDate "2005.??.??"]
[EventType "team"]
[EventRounds "9"]
[EventCountry "GER"]
[SourceTitle "EXT 2008"]
[Source "ChessBase"]
[SourceDate "2007.11.25"]
[SourceVersion "1"]
[SourceVersionDate "2007.11.25"]
[SourceQuality "1"]
[WhiteTeam "Ergolding"]
[BlackTeam "Eggenfelden"]
[WhiteTeamCountry "GER"]
[BlackTeamCountry "GER"]

1. e4 e5 2. Nf3 Nc6 3. Bb5 a6 4. Ba4 d6 5. h3 Nge7 6. 0-0 Bd7 7. c3 Ng6 8. d4 Be7 9. dxe5 dxe5 10. Be3 0-0 11. Qc2 Qc8 12. Nbd2 f5 13. Bg5 Bf6 14. Bxf6 gxf6 15. Bxc6 bxc6 16. Rad1 f4 17. Kh2 Be6 18. a3 Rb8 19. b4 a5 20. Nb3 axb4 21. cxb4 Bxb3 22. Qxb3+ Kg7 23. Qc4 Rb6 24. Rd3 Qa6 25. Nd2 Qc8 26. Nb3 Rd8 27. Rfd1 Rxd3 28. Qxd3 Qg8 29. Nc5 Kh6 30. Qd7 Nh4 31. Qg4 Ng6 32. Nd7 Ra6 33. Nxf6 Qf7 34. Qh5+ Kg7 35. Qxh7+ Kxf6 36. Qh5 Ne7 37. Qh4+ Ke6 38. Qg4+ Kf6 39. Qh4+ Ke6 1/2-1/2

[Event "Niederbayernliga 0405"]
[Site "Germany"]
[Date "2004.??.??"]
[Round "2"]
[White "Hoechtl, Alois"]
[Black "Hartl, Manfred"]
[Result "1/2-1/2"]
[WhiteElo "1781"]
[BlackElo "1793"]
[PlyCount "164"]
[EventDate "2004.??.??"]
[EventType "team"]
[EventRounds "9"]
[EventCountry "GER"]
[SourceTitle "EXT 2008"]
[Source "ChessBase"]
[SourceDate "2007.11.25"]
[SourceVersion "1"]
[SourceVersionDate "2007.11.25"]
[SourceQuality "1"]
[WhiteTeam "Eggenfelden"]
[BlackTeam "Grafenau"]
[WhiteTeamCountry "GER"]
[BlackTeamCountry "GER"]

1. e4 e6 2. d4 d5 3. Nc3 Bb4 4. e5 Ne7 5. Nf3 c5 6. a3 cxd4 7. axb4 dxc3 8. bxc3 Qc7 9. Bb2 Nd7 10. Bb5 0-0 11. Qe2 Nb6 12. Nd2 Nc6 13. Bxc6 Qxc6 14. b5 Qc7 15. 0-0 Bd7 16. Rfb1 Rfc8 17. Nf3 Qc4 18. Qd1 Bxb5 19. Nd4 Ba6 20. Bc1 Qxc3 21. Ra3 Qc5 22. Rg3 Nd7 23. Bh6 g6 24. Bf4 Qf8 25. h4 Rc4 26. h5 Qg7 27. hxg6 hxg6 28. Rg5 Rac8 29. Rb3 Rc3 30. Rxc3 Rxc3 31. Qg4 Nc5 32. Qh4 Rc4 33. Be3 Ne4 34. Rg4 Rc8 35. f4 Nc3 36. Qf2 Nd1 37. Qd2 Nxe3 38. Qxe3 Re8 39. Rh4 f5 40. Nf3 Re7 41. Ng5 b6 42. Qa3 Bc8 43. Rh7 Qxh7 44. Nxh7 Rxh7 45. Qd6 Rf7 46. Kf2 Kg7 47. Kg3 Bd7 48. Kh4 b5 49. Qa6 Kh6 50. Qxa7 Rh7 51. g4 g5+ 52. fxg5+ Kg6+ 53. Kg3 fxg4 54. Kxg4 Rf7 55. Qa8 Kg7 56. Qa1 Kg6 57. Qh1 Rh7 58. Qd1 Rf7 59. Qe1 Rh7 60. Qa5 Rf7 61. Qd8 Kg7 62. Kh5 Bc6 63. Kg4 Bd7 64. Kh5 Bc6 65. Qb6 Bd7 66. Qd6 Bc8 67. Qd8 Bd7 68. g6 Rf5+ 69. Kg4 Rxe5 70. Qxd7+ Kxg6 71. Qxb5 Re4+ 72. Kf3 Kf5 73. Qd3 Ke5 74. Qc3+ Kf5 75. Qc7 Kf6 76. Qd8+ Ke5 77. Qc7+ Kf6 78. Qc3+ Kf5 79. Qg7 Rf4+ 80. Ke3 Re4+ 81. Kd3 Rc4 82. c3 Re4 1/2-1/2

[Event "Niederbayernliga 0304"]
[Site "Germany"]
[Date "2004.??.??"]
[Round "9"]
[White "Hoechtl, Alois"]
[Black "Nowotny, Lukas"]
[Result "1-0"]
[WhiteElo "1855"]
[BlackElo "1698"]
[PlyCount "91"]
[EventDate "2003.??.??"]
[EventType "team"]
[EventRounds "9"]
[EventCountry "GER"]
[SourceTitle "EXT 2008"]
[Source "ChessBase"]
[SourceDate "2007.11.25"]
[SourceVersion "1"]
[SourceVersionDate "2007.11.25"]
[SourceQuality "1"]
[WhiteTeam "Eggenfelden"]
[BlackTeam "Freyung"]
[WhiteTeamCountry "GER"]
[BlackTeamCountry "GER"]

1. e4 c5 2. Nf3 Nc6 3. d4 cxd4 4. Nxd4 Nf6 5. Nc3 e6 6. a3 Be7 7. Be3 0-0 8. f4 d6 9. Be2 Bd7 10. Bf3 Rc8 11. Qd2 a6 12. 0-0 Qc7 13. Rac1 Rfd8 14. Qf2 Rf8 15. Rfd1 Na5 16. Nxe6 fxe6 17. Bb6 Qb8 18. Bxa5 d5 19. Bb4 Bxb4 20. axb4 Qxf4 21. Qd2 Qxd2 22. Rxd2 dxe4 23. Bxe4 Nxe4 24. Nxe4 Bc6 25. Nc5 Rf6 26. Rf1 Rcf8 27. Rxf6 Rxf6 28. Rf2 e5 29. Nd3 e4 30. Ne5 Be8 31. Ng4 Rb6 32. Ne3 Rf6 33. Nd5 Rxf2 34. Kxf2 Bc6 35. Ne7+ Kf7 36. Nxc6 bxc6 37. Ke3 Ke6 38. Kxe4 g6 39. Kd4 h5 40. Kc5 Kf5 41. Kxc6 Kf4 42. Kd5 Ke3 43. c4 Kf2 44. c5 Kxg2 45. c6 Kxh2 46. c7 1-0